All 10k+ Cities in France - Statistics

General Stats
  • This quiz has been taken 240 times
  • The average score is 111 of 1010
Answers on the Map
Answers color-coded by a green-red scale on the quiz's map according to % correct below.
 
Answer Stats
Region Population Answer % Correct
Île-de-France 2,113,705 Paris
94%
Auvergne - Rhône - Alpes 520,774 Lyon
90%
Provence - Alpes - Côte d'Azur 877,215 Marseille
90%
Provence - Alpes - Côte d'Azur 353,701 Nice
87%
Grand Est 15,570 Toul
86%
Hauts-de-France 238,695 Lille
85%
Occitanie 511,684 Toulouse
85%
Nouvelle-Aquitaine 265,328 Bordeaux
84%
Grand Est 291,709 Strasbourg
83%
Pays de la Loire 325,070 Nantes
82%
Bretagne 227,830 Rennes
82%
Bretagne 140,993 Brest
81%
Grand Est 178,478 Reims
78%
Auvergne - Rhône - Alpes 156,389 Grenoble
76%
Grand Est 121,695 Metz
75%
Provence - Alpes - Côte d'Azur 180,834 Toulon
75%
Normandie 166,462 Le Havre
74%
Occitanie 307,101 Montpellier
74%
Bourgogne - Franche-Comté 159,941 Dijon
73%
Auvergne - Rhône - Alpes 172,569 Saint-Étienne
73%
Hauts-de-France 10,704 Clermont
70%
Grand Est 104,387 Nancy
70%
Île-de-France 83,918 Versailles
70%
Normandie 108,398 Caen
69%
Hauts-de-France 67,585 Calais
69%
Provence - Alpes - Côte d'Azur 74,040 Cannes
69%
Normandie 116,331 Rouen
69%
Centre - Val de Loire 138,668 Tours
69%
Occitanie 150,444 Nîmes
67%
Corse 75,343 Ajaccio
66%
Auvergne - Rhône - Alpes 131,272 Annecy
66%
Provence - Alpes - Côte d'Azur 91,760 Avignon
66%
Centre - Val de Loire 116,344 Orléans
66%
Occitanie 120,996 Perpignan
66%
Hauts-de-France 134,780 Amiens
65%
Nouvelle-Aquitaine 129,754 Limoges
65%
Île-de-France 115,237 Saint-Denis
65%
Reunion 156,149 Saint-Denis
65%
Maine-et-Loire 157,555 Angers
62%
Auvergne - Rhône - Alpes 147,751 Clermont-Ferrand
60%
Grand Est 104,924 Mulhouse
60%
French Guiana 63,956 Cayenne
59%
Nouvelle-Aquitaine 79,961 La Rochelle
59%
Pays de la Loire 145,182 Le Mans
59%
Provence - Alpes - Côte d'Azur 147,933 Aix-en-Provence
58%
Grand Est 67,360 Colmar
56%
Nouvelle-Aquitaine 78,620 Pau
56%
Auvergne - Rhône - Alpes 162,207 Villeurbanne
55%
Bourgogne - Franche-Comté 120,057 Besançon
53%
Occitanie 46,429 Carcassonne
52%
Hauts-de-France 87,013 Dunkerque
52%
Nouvelle-Aquitaine 53,312 Bayonne
51%
Nouvelle-Aquitaine 89,472 Poitiers
51%
Grand Est 62,443 Troyes
49%
Corse 47,459 Bastia
48%
Auvergne - Rhône - Alpes 64,288 Valence
47%
Hauts-de-France 32,697 Lens
46%
Bretagne 64,530 Quimper
46%
Bretagne 47,255 Saint-Malo
46%
Provence - Alpes - Côte d'Azur 51,156 Arles
45%
Occitanie 80,815 Béziers
44%
Hauts-de-France 99,507 Roubaix
44%
Île-de-France 107,135 Argenteuil
43%
Île-de-France 120,205 Boulogne-Billancourt
43%
Occitanie 56,692 Narbonne
43%
Bourgogne - Franche-Comté 35,236 Auxerre
40%
Bretagne 58,202 Lorient
40%
Île-de-France 98,119 Nanterre
40%
Reunion 106,220 Saint-Paul
40%
Auvergne - Rhône - Alpes 25,702 Vichy
40%
Auvergne - Rhône - Alpes 60,251 Chambéry
39%
Île-de-France 110,758 Montreuil
39%
Provence - Alpes - Côte d'Azur 76,612 Antibes
37%
Nouvelle-Aquitaine 25,810 Biarritz
36%
Hauts-de-France 55,906 Beauvais
35%
Hauts-de-France 42,979 Valenciennes
35%
Hauts-de-France 41,039 Boulogne-sur-Mer
34%
Reunion 85,254 Saint-Pierre
34%
Bretagne 54,955 Vannes
34%
Hauts-de-France 42,621 Arras
33%
Centre - Val de Loire 64,238 Bourges
33%
Hauts-de-France 99,160 Tourcoing
33%
Bourgogne - Franche-Comté 45,646 Belfort
32%
Île-de-France 69,578 Cergy
32%
Hauts-de-France 39,833 Douai
32%
Occitanie 62,487 Montauban
32%
Normandie 19,352 Saint-Lô
32%
Grand Est 16,610 Verdun
32%
Normandie 28,599 Dieppe
31%
Bourgogne - Franche-Comté 34,759 Mâcon
31%
Provence - Alpes - Côte d'Azur 58,499 Fréjus
30%
Nouvelle-Aquitaine 32,193 Agen
29%
Occitanie 50,605 Albi
29%
Île-de-France 89,489 Aubervilliers
29%
Centre - Val de Loire 37,990 Chartres
29%
Nouvelle-Aquitaine 60,074 Niort
29%
Provence - Alpes - Côte d'Azur 40,656 Gap
28%
Occitanie 13,266 Lourdes
28%
Nouvelle-Aquitaine 41,423 Angoulême
27%
Provence - Alpes - Côte d'Azur 30,326 Menton
27%
Bourgogne - Franche-Comté 33,172 Nevers
27%
Provence - Alpes - Côte d'Azur 29,357 Orange
27%
Île-de-France 24,488 Orly
27%
Grand Est 16,727 Sedan
27%
Île-de-France 95,282 Vitry-sur-Seine
27%
Auvergne - Rhône - Alpes 42,065 Bourg-en-Bresse
26%
Normandie 78,028 Cherbourg-en-Cotentin
26%
Provence - Alpes - Côte d'Azur 55,384 Hyères
26%
Occitanie 11,239 Saint-Jean
26%
Hauts-de-France 52,995 Saint-Quentin
26%
Île-de-France 92,859 Créteil
25%
Pays de la Loire 54,699 La Roche-sur-Yon
25%
Pays de la Loire 73,111 Saint-Nazaire
25%
Île-de-France 64,526 Ivry-sur-Seine
24%
Hauts-de-France 24,066 Laon
24%
Reunion 81,964 Le Tampon
24%
Centre - Val de Loire 47,092 Blois
23%
Provence - Alpes - Côte d'Azur 48,669 Grasse
23%
Pays de la Loire 49,474 Laval
23%
Île-de-France 56,659 Meaux
23%
Grand Est 22,530 Saint-Louis
23%
Reunion 54,478 Saint-Louis
23%
Occitanie 45,090 Sète
23%
Occitanie 44,529 Tarbes
23%
Grand Est 42,778 Thionville
23%
Île-de-France 48,368 Vincennes
23%
Grand Est 45,634 Charleville-Mézières
22%
Île-de-France 90,692 Colombes
22%
Normandie 48,335 Évreux
22%
Auvergne - Rhône - Alpes 22,471 Fontaine
22%
Bretagne 44,607 Saint-Brieuc
22%
Occitanie 45,025 Alès
21%
Occitanie 22,825 Auch
21%
Nouvelle-Aquitaine 21,716 Dax
21%
Auvergne - Rhône - Alpes 40,356 Montélimar
21%
Île-de-France 31,623 Pontoise
21%
Auvergne - Rhône - Alpes 35,364 Roanne
21%
Nouvelle-Aquitaine 25,312 Saintes
21%
Occitanie 29,612 Agde
20%
Grand Est 36,070 Haguenau
20%
Nouvelle-Aquitaine 23,188 Rochefort
20%
Auvergne - Rhône - Alpes 66,701 Vénissieux
20%
Hauts-de-France 22,406 Abbeville
19%
Auvergne - Rhône - Alpes 19,706 Albertville
19%
Auvergne - Rhône - Alpes 26,189 Aurillac
19%
Normandie 12,754 Bayeux
19%
Île-de-France 55,270 Bobigny
19%
Grand Est 43,218 Châlons-en-Champagne
19%
Bourgogne - Franche-Comté 44,592 Chalon-sur-Saône
19%
Centre - Val de Loire 43,079 Châteauroux
19%
Maine-et-Loire 54,074 Cholet
19%
Île-de-France 65,102 Clichy
19%
Grand Est 32,296 Épinal
19%
Provence - Alpes - Côte d'Azur 48,818 Martigues
19%
Île-de-France 43,685 Melun
19%
Nouvelle-Aquitaine 31,455 Mont-de-Marsan
19%
Île-de-France 59,200 Neuilly-sur-Seine
19%
Île-de-France 60,954 Pantin
19%
Nouvelle-Aquitaine 29,876 Périgueux
19%
Nouvelle-Aquitaine 66,874 Pessac
19%
Occitanie 24,136 Rodez
19%
Île-de-France 58,142 Villejuif
19%
Hauts-de-France 62,342 Villeneuve-d'Ascq
19%
Provence - Alpes - Côte d'Azur 47,724 Aubagne
18%
Hauts-de-France 25,342 Béthune
18%
Provence - Alpes - Côte d'Azur 52,852 Cagnes-sur-Mer
18%
Occitanie 42,700 Castres
18%
Île-de-France 81,945 Courbevoie
18%
Île-de-France 15,787 Fontainebleau
18%
French Guiana 24,470 Kourou
18%
Île-de-France 71,632 Noisy-le-Grand
18%
Hauts-de-France 28,667 Soissons
18%
Bourgogne - Franche-Comté 15,306 Vesoul
18%
Île-de-France 64,026 Antony
17%
Nouvelle-Aquitaine 10,895 Arcachon
17%
Nouvelle-Aquitaine 26,852 Bergerac
17%
Hauts-de-France 40,808 Compiègne
17%
Provence - Alpes - Côte d'Azur 40,789 Draguignan
17%
Île-de-France 71,312 Drancy
17%
Centre - Val de Loire 31,205 Dreux
17%
Île-de-France 67,695 Issy-les-Moulineaux
17%
Île-de-France 68,412 Levallois-Perret
17%
Île-de-France 50,597 Massy
17%
Nouvelle-Aquitaine 77,136 Mérignac
17%
Corse 11,536 Porto-Vecchio
17%
Île-de-France 44,198 Puteaux
17%
Provence - Alpes - Côte d'Azur 36,632 Saint-Raphaël
17%
Île-de-France 58,576 Sarcelles
17%
Bourgogne - Franche-Comté 27,275 Sens
17%
Normandie 25,667 Alençon
16%
Bourgogne - Franche-Comté 20,233 Beaune
16%
Hauts-de-France 31,568 Cambrai
16%
Île-de-France 56,882 Clamart
16%
Bretagne 20,632 Concarneau
16%
Bourgogne - Franche-Comté 23,784 Dole
16%
Île-de-France 66,700 Évry-Courcouronnes
16%
Nouvelle-Aquitaine 18,074 Hendaye
16%
Hauts-de-France 28,879 Maubeuge
16%
Occitanie 21,859 Millau
16%
Bourgogne - Franche-Comté 25,516 Montbéliard
16%
Auvergne - Rhône - Alpes 33,317 Montluçon
16%
Auvergne - Rhône - Alpes 22,378 Oyonnax
16%
Reunion 35,584 Sainte-Marie
16%
Île-de-France 22,782 Sèvres
16%
Auvergne - Rhône - Alpes 37,689 Thonon-les-Bains
16%
Auvergne - Rhône - Alpes 31,555 Vienne
16%
Auvergne - Rhône - Alpes 36,224 Villefranche-sur-Saône
16%
Nouvelle-Aquitaine 42,288 Anglet
15%
Auvergne - Rhône - Alpes 37,595 Annemasse
15%
Île-de-France 86,360 Aulnay-sous-Bois
15%
Nouvelle-Aquitaine 46,769 Brive-la-Gaillarde
15%
Île-de-France 78,367 Champigny-sur-Marne
15%
Nouvelle-Aquitaine 31,105 Châtellerault
15%
Grand Est 21,418 Chaumont
15%
Bretagne 14,966 Dinan
15%
Provence - Alpes - Côte d'Azur 44,044 Istres
15%
Occitanie 12,322 Mende
15%
Reunion 57,546 Saint-André
15%
Auvergne - Rhône - Alpes 49,193 Saint-Priest
15%
Maine-et-Loire 26,074 Saumur
15%
Nouvelle-Aquitaine 13,602 Tulle
15%
Île-de-France 51,066 Bondy
14%
Auvergne - Rhône - Alpes 42,850 Bron
14%
Occitanie 19,902 Cahors
14%
Provence - Alpes - Côte d'Azur 30,854 Carpentras
14%
Île-de-France 36,224 Châtillon
14%
Hauts-de-France 36,494 Creil
14%
Provence - Alpes - Côte d'Azur 33,164 Marignane
14%
Bretagne 15,220 Morlaix
14%
Île-de-France 40,792 Poissy
14%
Auvergne - Rhône - Alpes 52,448 Vaulx-en-Velin
14%
Île-de-France 91,457 Asnières-sur-Seine
13%
Occitanie 27,314 Blagnac
13%
Provence - Alpes - Côte d'Azur 17,694 Digne-les-Bains
13%
Auvergne - Rhône - Alpes 36,708 Échirolles
13%
Île-de-France 50,874 Gennevilliers
13%
Auvergne - Rhône - Alpes 18,989 Le Puy-en-Velay
13%
Normandie 19,540 Lisieux
13%
Île-de-France 46,273 Montrouge
13%
Nouvelle-Aquitaine 19,322 Royan
13%
Île-de-France 29,859 Saint-Cloud
13%
Île-de-France 76,010 Saint-Maur-des-Fossés
13%
Hauts-de-France 14,358 Saint-Omer
13%
Île-de-France 43,647 Bagneux
12%
Grand Est 14,615 Bar-le-Duc
12%
Nouvelle-Aquitaine 18,466 Cognac
12%
Grand Est 22,022 Épernay
12%
Île-de-France 26,601 Étampes
12%
Normandie 17,961 Fécamp
12%
Grand Est 21,111 Forbach
12%
Normandie 12,799 Granville
12%
Bretagne 20,525 Lannion
12%
Provence - Alpes - Côte d'Azur 62,905 La Seyne-sur-Mer
12%
Pays de la Loire 48,740 Les Sables-d'Olonne
12%
Provence - Alpes - Côte d'Azur 22,807 Manosque
12%
Grand Est 22,811 Saint-Dizier
12%
Nouvelle-Aquitaine 14,690 Saint-Jean-de-Luz
12%
Grand Est 20,324 Sarreguemines
12%
Île-de-France 51,640 Sevran
12%
Centre - Val de Loire 25,254 Vierzon
12%
Hauts-de-France 40,881 Wattrelos
12%
Provence - Alpes - Côte d'Azur 10,748 Briançon
11%
Hauts-de-France 10,740 Chantilly
11%
Bretagne 20,602 Fougères
11%
Île-de-France 59,912 Le Blanc-Mesnil
11%
Île-de-France 57,422 Maisons-Alfort
11%
Île-de-France 44,246 Mantes-la-Jolie
11%
Île-de-France 46,722 Meudon
11%
Auvergne - Rhône - Alpes 19,344 Moulins
11%
Auvergne - Rhône - Alpes 33,139 Romans-sur-Isère
11%
Île-de-France 45,286 Saint-Germain-en-Laye
11%
Pays de la Loire 50,561 Saint-Herblain
11%
Centre - Val de Loire 15,566 Vendôme
11%
Auvergne - Rhône - Alpes 32,175 Aix-les-Bains
10%
Île-de-France 45,569 Alfortville
10%
Auvergne - Rhône - Alpes 17,222 Annonay
10%
Hauts-de-France 26,107 Armentières
10%
Auvergne - Rhône - Alpes 12,488 Aubenas
10%
Normandie 10,225 Avranches
10%
Île-de-France 41,776 Bagnolet
10%
Hauts-de-France 12,967 Berck
10%
Île-de-France 54,372 Chelles
10%
Île-de-France 53,712 Corbeil-Essonnes
10%
Île-de-France 53,564 Épinay-sur-Seine
10%
Occitanie 23,788 Frontignan
10%
Nouvelle-Aquitaine 12,814 Guéret
10%
Hauts-de-France 25,764 Hénin-Beaumont
10%
Normandie 21,935 Le Petit-Quevilly
10%
Nouvelle-Aquitaine 24,668 Libourne
10%
Hauts-de-France 30,113 Liévin
10%
Nouvelle-Aquitaine 13,708 Lons
10%
Hauts-de-France 22,948 Loos
10%
Auvergne - Rhône - Alpes 36,437 Meyzieu
10%
Île-de-France 45,915 Noisy-le-Sec
10%
Centre - Val de Loire 22,988 Olivet
10%
Île-de-France 36,067 Palaiseau
10%
Occitanie 16,512 Pamiers
10%
Île-de-France 27,145 Rambouillet
10%
Île-de-France 80,842 Rueil-Malmaison
10%
Provence - Alpes - Côte d'Azur 31,645 Saint-Laurent-du-Var
10%
Grand Est 10,100 Saint-Max
10%
Île-de-France 51,570 Sartrouville
10%
Grand Est 19,523 Sélestat
10%
Île-de-France 48,932 Suresnes
10%
Île-de-France 22,939 Torcy
10%
Île-de-France 34,276 Trappes
10%
Île-de-France 28,507 Vanves
10%
Normandie 24,841 Vernon
10%
Île-de-France 36,170 Villeneuve-Saint-Georges
10%
Provence - Alpes - Côte d'Azur 36,612 Vitrolles
10%
Nouvelle-Aquitaine 30,968 Bègles
9%
Auvergne - Rhône - Alpes 43,479 Caluire-et-Cuire
9%
Occitanie 40,916 Colomiers
9%
Hauts-de-France 21,785 Hazebrouck
9%
Provence - Alpes - Côte d'Azur 37,599 La Ciotat
9%
Occitanie 26,380 Lunel
9%
Île-de-France 22,855 Maisons-Laffitte
9%
Hauts-de-France 39,943 Marcq-en-Barœul
9%
Île-de-France 38,799 Neuilly-sur-Marne
9%
Île-de-France 31,971 Plaisir
9%
Bourgogne - Franche-Comté 17,928 Pontarlier
9%
Pays de la Loire 43,349 Rezé
9%
Île-de-France 45,947 Rosny-sous-Bois
9%
Provence - Alpes - Côte d'Azur 44,553 Salon-de-Provence
9%
Grand Est 29,697 Vandœuvre-lès-Nancy
9%
Centre - Val de Loire 13,132 Amboise
8%
Bourgogne - Franche-Comté 13,144 Autun
8%
Île-de-France 29,376 Bois-Colombes
8%
Provence - Alpes - Côte d'Azur 17,846 Brignoles
8%
Pays de la Loire 22,890 Challans
8%
Île-de-France 30,054 Chatou
8%
Hauts-de-France 20,956 Croix
8%
Auvergne - Rhône - Alpes 13,455 Gex
8%
Auvergne - Rhône - Alpes 20,943 Givors
8%
Île-de-France 26,959 Gonesse
8%
Île-de-France 26,500 Grigny
8%
Île-de-France 47,086 La Courneuve
8%
Occitanie 17,592 Lattes
8%
Île-de-France 28,893 Le Plessis-Robinson
8%
Île-de-France 23,262 Les Lilas
8%
Grand Est 15,492 Longwy
8%
Île-de-France 30,183 Malakoff
8%
Pays de la Loire 12,854 Mayenne
8%
Centre - Val de Loire 14,819 Montargis
8%
Auvergne - Rhône - Alpes 16,098 Montbrison
8%
Occitanie 25,653 Muret
8%
Île-de-France 13,118 Nemours
8%
Île-de-France 11,824 Provins
8%
Auvergne - Rhône - Alpes 18,680 Riom
8%
Reunion 37,585 Saint-Benoît
8%
Grand Est 19,324 Saint-Dié-des-Vosges
8%
Provence - Alpes - Côte d'Azur 14,394 Sainte-Maxime
8%
French Guiana 51,732 Saint-Laurent-du-Maroni
8%
Grand Est 34,382 Schiltigheim
8%
Hauts-de-France 15,238 Senlis
8%
Nouvelle-Aquitaine 45,869 Talence
8%
Île-de-France 21,663 Achères
7%
Provence - Alpes - Côte d'Azur 21,404 Allauch
7%
Île-de-France 21,868 Arcueil
7%
Occitanie 10,779 Argelès-sur-Mer
7%
Auvergne - Rhône - Alpes 29,816 Bourgoin-Jallieu
7%
Île-de-France 30,526 Cachan
7%
Occitanie 12,212 Castelnaudary
7%
Centre - Val de Loire 12,898 Châteaudun
7%
Île-de-France 46,122 Choisy-le-Roi
7%
Île-de-France 36,306 Conflans-Sainte-Honorine
7%
Hauts-de-France 20,622 Denain
7%
Bretagne 10,407 Dinard
7%
Bretagne 14,188 Douarnenez
7%
Provence - Alpes - Côte d'Azur 15,694 Fos-sur-Mer
7%
Île-de-France 30,952 Goussainville
7%
Auvergne - Rhône - Alpes 15,078 Issoire
7%
Centre - Val de Loire 38,432 Joué-lès-Tours
7%
Île-de-France 18,978 Juvisy-sur-Orge
7%
Normandie 25,954 Le Grand-Quevilly
7%
Île-de-France 34,151 Les Mureaux
7%
Île-de-France 25,633 Les Ulis
7%
Bourgogne - Franche-Comté 16,942 Lons-le-Saunier
7%
Hauts-de-France 11,980 Marly
7%
Bretagne 12,444 Quimperlé
7%
Auvergne - Rhône - Alpes 31,479 Rillieux-la-Pape
7%
Île-de-France 35,314 Romainville
7%
Auvergne - Rhône - Alpes 35,586 Saint-Chamond
7%
Reunion 38,992 Saint-Joseph
7%
Île-de-France 21,223 Saint-Mandé
7%
Île-de-France 40,600 Stains
7%
Provence - Alpes - Côte d'Azur 19,856 Vence
7%
Provence - Alpes - Côte d'Azur 16,729 Villeneuve-Loubet
7%
Nouvelle-Aquitaine 22,004 Villeneuve-sur-Lot
7%
Île-de-France 28,349 Yerres
7%
Provence - Alpes - Côte d'Azur 10,297 Apt
6%
Île-de-France 36,451 Athis-Mons
6%
Occitanie 15,695 Beaucaire
6%
Auvergne - Rhône - Alpes 10,787 Beaumont
6%
Provence - Alpes - Côte d'Azur 12,430 Beausoleil
6%
Île-de-France 34,314 Bezons
6%
Corse 10,102 Borgo
6%
Île-de-France 21,140 Bourg-la-Reine
6%
Auvergne - Rhône - Alpes 19,872 Bourg-lès-Valence
6%
Nouvelle-Aquitaine 19,860 Bressuire
6%
Île-de-France 26,658 Brétigny-sur-Orge
6%
Hauts-de-France 21,997 Bruay-la-Buissière
6%
Pays de la Loire 20,535 Carquefou
6%
Provence - Alpes - Côte d'Azur 25,890 Cavaillon
6%
Hauts-de-France 15,068 Château-Thierry
6%
Île-de-France 29,551 Clichy-sous-Bois
6%
Auvergne - Rhône - Alpes 17,366 Cluses
6%
Auvergne - Rhône - Alpes 29,905 Décines-Charpieu
6%
Île-de-France 29,824 Draveil
6%
Île-de-France 25,934 Eaubonne
6%
Auvergne - Rhône - Alpes 18,019 Écully
6%
Île-de-France 26,348 Élancourt
6%
Île-de-France 29,189 Ermont
6%
Pays de la Loire 13,806 Fontenay-le-Comte
6%
Île-de-France 52,646 Fontenay-sous-Bois
6%
Île-de-France 38,024 Franconville
6%
Île-de-France 40,790 Gagny
6%
Île-de-France 42,388 Garges-lès-Gonesse
6%
Île-de-France 29,758 Guyancourt
6%
Île-de-France 33,617 Houilles
6%
Grand Est 27,339 Illkirch-Graffenstaden
6%
Centre - Val de Loire 10,953 Issoudun
6%
Provence - Alpes - Côte d'Azur 26,316 La Garde
6%
Nouvelle-Aquitaine 27,141 La Teste-de-Buch
6%
Provence - Alpes - Côte d'Azur 10,485 La Trinité
6%
Île-de-France 15,052 Le Bourget
6%
Provence - Alpes - Côte d'Azur 40,198 Le Cannet
6%
Bourgogne - Franche-Comté 20,536 Le Creusot
6%
Reunion 33,670 Le Port
6%
Île-de-France 31,338 L'Haÿ-les-Roses
6%
Île-de-France 46,507 Livry-Gargan
6%
Grand Est 17,920 Lunéville
6%
Bourgogne - Franche-Comté 16,946 Montceau-les-Mines
6%
Île-de-France 28,257 Montfermeil
6%
Île-de-France 32,998 Nogent-sur-Marne
6%
Hauts-de-France 12,810 Noyon
6%
Bretagne 14,547 Pontivy
6%
Pays de la Loire 18,382 Pornic
6%
Normandie 28,653 Saint-Étienne-du-Rouvray
6%
Auvergne - Rhône - Alpes 19,549 Saint-Fons
6%
Occitanie 11,869 Saint-Gaudens
6%
Auvergne - Rhône - Alpes 15,925 Saint-Julien-en-Genevois
6%
Reunion 35,597 Saint-Leu
6%
Auvergne - Rhône - Alpes 38,022 Saint-Martin-d'Hères
6%
Île-de-France 14,411 Saint-Maurice
6%
Île-de-France 53,041 Saint-Ouen-sur-Seine
6%
Grand Est 12,274 Sarrebourg
6%
Île-de-France 37,775 Savigny-sur-Orge
6%
Île-de-France 20,740 Sceaux
6%
Provence - Alpes - Côte d'Azur 36,843 Six-Fours-les-Plages
6%
Île-de-France 27,593 Sucy-en-Brie
6%
Auvergne - Rhône - Alpes 22,819 Tassin-la-Demi-Lune
6%
Île-de-France 32,006 Thiais
6%
Auvergne - Rhône - Alpes 11,686 Thiers
6%
Occitanie 29,724 Tournefeuille
6%
Île-de-France 38,210 Tremblay-en-France
6%
Provence - Alpes - Côte d'Azur 28,579 Vallauris
6%
Île-de-France 29,973 Villemomble
6%
Île-de-France 26,794 Villeparisis
6%
Île-de-France 39,647 Villepinte
6%
Île-de-France 29,238 Villiers-le-Bel
6%
Normandie 17,411 Vire Normandie
6%
Auvergne - Rhône - Alpes 21,604 Voiron
6%
Hauts-de-France 20,674 Wasquehal
6%
Normandie 11,548 Yvetot
6%
Normandie 13,494 Argentan
5%
Bretagne 14,417 Auray
5%
Hauts-de-France 14,734 Bailleul
5%
Nouvelle-Aquitaine 15,412 Biscarrosse
5%
Auvergne - Rhône - Alpes 12,330 Brignais
5%
Nouvelle-Aquitaine 20,382 Bruges
5%
Hauts-de-France 17,966 Carvin
5%
Île-de-France 28,756 Charenton-le-Pont
5%
Pays de la Loire 12,231 Châteaubriant
5%
Île-de-France 20,198 Chaville
5%
Auvergne - Rhône - Alpes 20,020 Cournon-d'Auvergne
5%
Provence - Alpes - Côte d'Azur 12,841 Cuers
5%
Auvergne - Rhône - Alpes 17,128 Firminy
5%
Normandie 14,308 Flers
5%
Île-de-France 24,586 Fontenay-aux-Roses
5%
Auvergne - Rhône - Alpes 15,664 Francheville
5%
Occitanie 16,080 Gaillac
5%
Provence - Alpes - Côte d'Azur 21,534 Gardanne
5%
Auvergne - Rhône - Alpes 13,446 Genas
5%
Normandie 12,395 Gisors
5%
Hauts-de-France 18,579 Hem
5%
Île-de-France 20,784 Joinville-le-Pont
5%
Hauts-de-France 27,105 Lambersart
5%
Bretagne 16,327 Landerneau
5%
Île-de-France 23,678 Le Kremlin-Bicêtre
5%
Île-de-France 34,654 Le Perreux-sur-Marne
5%
Provence - Alpes - Côte d'Azur 22,423 Les Pennes-Mirabeau
5%
Provence - Alpes - Côte d'Azur 20,315 L'Isle-sur-la-Sorgue
5%
Île-de-France 21,874 Mantes-la-Ville
5%
Nouvelle-Aquitaine 17,361 Marmande
5%
Provence - Alpes - Côte d'Azur 25,891 Miramas
5%
Auvergne - Rhône - Alpes 10,450 Miribel
5%
Occitanie 13,652 Moissac
5%
Île-de-France 32,150 Montigny-le-Bretonneux
5%
Grand Est 12,303 Obernai
5%
Nouvelle-Aquitaine 10,658 Oloron-Sainte-Marie
5%
Nouvelle-Aquitaine 10,121 Parthenay
5%
Auvergne - Rhône - Alpes 10,852 Passy
5%
Provence - Alpes - Côte d'Azur 19,764 Pertuis
5%
Île-de-France 38,941 Pontault-Combault
5%
Centre - Val de Loire 18,377 Romorantin-Lanthenay
5%
Auvergne - Rhône - Alpes 21,329 Saint-Genis-Laval
5%
Occitanie 14,427 Saint-Gilles
5%
Auvergne - Rhône - Alpes 17,041 Sallanches
5%
Provence - Alpes - Côte d'Azur 17,938 Sanary-sur-Mer
5%
Île-de-France 26,772 Sannois
5%
Île-de-France 30,630 Savigny-le-Temple
5%
Normandie 29,039 Sotteville-lès-Rouen
5%
Auvergne - Rhône - Alpes 10,881 Tarare
5%
Île-de-France 22,481 Vélizy-Villacoublay
5%
Pays de la Loire 26,048 Vertou
5%
Île-de-France 25,566 Villeneuve-la-Garenne
5%
Occitanie 12,950 Villeneuve-lès-Avignon
5%
Bretagne 18,892 Vitré
5%
Grand Est 11,349 Vitry-le-François
5%
Grand Est 14,394 Woippy
5%
Grand Est 10,853 Amnéville
4%
Auvergne - Rhône - Alpes 10,273 Aubière
4%
Occitanie 17,431 Balma
4%
Provence - Alpes - Côte d'Azur 10,196 Biot
4%
Auvergne - Rhône - Alpes 13,320 Bonneville
4%
Grand Est 10,369 Brumath
4%
Bretagne 19,667 Bruz
4%
Île-de-France 26,334 Bussy-Saint-Georges
4%
Occitanie 25,404 Castelnau-le-Lez
4%
Occitanie 14,335 Castelsarrasin
4%
Nouvelle-Aquitaine 26,784 Cenon
4%
Île-de-France 35,490 Châtenay-Malabry
4%
Auvergne - Rhône - Alpes 12,170 Craponne
4%
Île-de-France 11,068 Dourdan
4%
Normandie 15,774 Elbeuf
4%
Île-de-France 11,594 Enghien-les-Bains
4%
Hauts-de-France 10,693 Étaples
4%
Île-de-France 13,816 Fleury-Mérogis
4%
Île-de-France 29,298 Fresnes
4%
Auvergne - Rhône - Alpes 11,054 Gaillard
4%
Centre - Val de Loire 13,431 Gien
4%
Pays de la Loire 16,684 Guérande
4%
Pays de la Loire 15,081 La Flèche
4%
Normandie 11,444 La Hague
4%
Reunion 36,390 La Possession
4%
Auvergne - Rhône - Alpes 11,239 La Roche-sur-Foron
4%
Pays de la Loire 16,589 Les Herbiers
4%
Île-de-France 15,712 Le Vésinet
4%
Hauts-de-France 10,200 Lillers
4%
Occitanie 10,339 Limoux
4%
Grand Est 20,683 Lingolsheim
4%
Provence - Alpes - Côte d'Azur 21,201 Mandelieu-la-Napoule
4%
Hauts-de-France 10,468 Marck
4%
Occitanie 16,417 Mauguio
4%
Occitanie 10,123 Mazamet
4%
Île-de-France 20,393 Mitry-Mory
4%
Hauts-de-France 21,368 Mons-en-Barœul
4%
Île-de-France 23,890 Montgeron
4%
Grand Est 21,869 Montigny-lès-Metz
4%
Normandie 20,188 Mont-Saint-Aignan
4%
Provence - Alpes - Côte d'Azur 19,481 Mougins
4%
Île-de-France 21,914 Neuilly-Plaisance
4%
Île-de-France 16,655 Orsay
4%
Pays de la Loire 28,341 Orvault
4%
Hauts-de-France 13,398 Outreau
4%
Provence - Alpes - Côte d'Azur 11,504 Plan-de-Cuques
4%
Grand Est 14,383 Pont-à-Mousson
4%
Auvergne - Rhône - Alpes 15,457 Rive-de-Gier
4%
Île-de-France 23,521 Roissy-en-Brie
4%
Provence - Alpes - Côte d'Azur 12,419 Roquebrune-Cap-Martin
4%
Auvergne - Rhône - Alpes 16,082 Rumilly
4%
Île-de-France 20,451 Saint-Cyr-l'École
4%
Île-de-France 35,714 Sainte-Geneviève-des-Bois
4%
Île-de-France 25,614 Saint-Ouen-l'Aumône
4%
Grand Est 11,323 Saverne
4%
Hauts-de-France 13,011 Seclin
4%
Provence - Alpes - Côte d'Azur 15,525 Tarascon
4%
Nouvelle-Aquitaine 13,949 Thouars
4%
Auvergne - Rhône - Alpes 11,302 Tournon-sur-Rhône
4%
Île-de-France 16,943 Viroflay
4%
Île-de-France 31,112 Viry-Châtillon
4%
Grand Est 17,497 Yutz
4%
Auvergne - Rhône - Alpes 15,554 Ambérieu-en-Bugey
3%
Île-de-France 14,898 Arnouville
3%
Provence - Alpes - Côte d'Azur 12,986 Auriol
3%
Hauts-de-France 17,571 Avion
3%
Occitanie 18,124 Bagnols-sur-Cèze
3%
Auvergne - Rhône - Alpes 13,767 Belleville-en-Beaujolais
3%
Île-de-France 18,340 Bonneuil-sur-Marne
3%
Provence - Alpes - Côte d'Azur 15,367 Bouc-Bel-Air
3%
Île-de-France 25,792 Brunoy
3%
Auvergne - Rhône - Alpes 17,591 Chamalières
3%
Île-de-France 26,661 Champs-sur-Marne
3%
Auvergne - Rhône - Alpes 11,214 Chassieu
3%
Provence - Alpes - Côte d'Azur 18,364 Châteauneuf-les-Martigues
3%
Île-de-France 19,981 Chilly-Mazarin
3%
Île-de-France 22,712 Combs-la-Ville
3%
Île-de-France 15,696 Coulommiers
3%
Hauts-de-France 14,243 Crépy-en-Valois
3%
Île-de-France 11,723 Dugny
3%
Île-de-France 18,723 Éragny
3%
Grand Est 14,759 Fameck
3%
Centre - Val de Loire 21,664 Fleury-les-Aubrais
3%
Île-de-France 17,705 Garches
3%
Île-de-France 22,578 Gif-sur-Yvette
3%
Hauts-de-France 20,347 Grande-Synthe
3%
Hauts-de-France 11,451 Gravelines
3%
Grand Est 16,013 Hayange
3%
Bretagne 15,831 Hennebont
3%
Île-de-France 31,818 Herblay-sur-Seine
3%
Normandie 22,473 Hérouville-Saint-Clair
3%
Normandie 11,868 Ifs
3%
Île-de-France 29,828 La Garenne-Colombes
3%
Hauts-de-France 22,161 La Madeleine
3%
Bretagne 23,188 Lanester
3%
Île-de-France 12,074 La Queue-en-Brie
3%
Grand Est 15,126 Laxou
3%
Auvergne - Rhône - Alpes 12,307 Le Chambon-Feugerolles
3%
Provence - Alpes - Côte d'Azur 11,124 Le Luc
3%
Île-de-France 16,733 Le Pré-Saint-Gervais
3%
Île-de-France 14,778 Le Raincy
3%
Île-de-France 24,872 Les Pavillons-sous-Bois
3%
Reunion 14,329 L'Étang-Salé
3%
Auvergne - Rhône - Alpes 17,096 L'Isle-d'Abeau
3%
Île-de-France 20,470 Longjumeau
3%
Normandie 18,347 Louviers
3%
Occitanie 12,410 L'Union
3%
Grand Est 11,725 Maizières-lès-Metz
3%
Hauts-de-France 11,709 Marquette-lez-Lille
3%
French Guiana 35,551 Matoury
3%
Grand Est 10,014 Maxéville
3%
Île-de-France 16,071 Mennecy
3%
Hauts-de-France 14,091 Méru
3%
Auvergne - Rhône - Alpes 18,790 Meylan
3%
Auvergne - Rhône - Alpes 13,716 Mions
3%
Île-de-France 21,840 Montereau-Fault-Yonne
3%
Île-de-France 21,677 Montmorency
3%
Hauts-de-France 11,384 Nœux-les-Mines
3%
Hauts-de-France 21,859 Nogent-sur-Oise
3%
Île-de-France 15,927 Noisiel
3%
Provence - Alpes - Côte d'Azur 14,320 Ollioules
3%
Nouvelle-Aquitaine 10,836 Orthez
3%
Auvergne - Rhône - Alpes 37,928 Oullins-Pierre-Bénite
3%
Bretagne 11,815 Pacé
3%
Auvergne - Rhône - Alpes 13,909 Pierrelatte
3%
Île-de-France 10,230 Pierrelaye
3%
Bretagne 18,873 Ploemeur
3%
Bretagne 10,021 Ploërmel
3%
Hauts-de-France 12,343 Pont-Sainte-Maxence
3%
Occitanie 10,759 Pont-Saint-Esprit
3%
Occitanie 15,172 Ramonville-Saint-Agne
3%
Île-de-France 30,283 Ris-Orangis
3%
Provence - Alpes - Côte d'Azur 12,335 Rognac
3%
Hauts-de-France 13,873 Roncq
3%
Pays de la Loire 12,194 Sablé-sur-Sarthe
3%
Hauts-de-France 16,042 Saint-Amand-les-Eaux
3%
Grand Est 14,828 Saint-Avold
3%
Provence - Alpes - Côte d'Azur 11,668 Saint-Cyr-sur-Mer
3%
Reunion 24,855 Sainte-Suzanne
3%
Île-de-France 21,297 Saint-Gratien
3%
Nouvelle-Aquitaine 11,382 Saint-Junien
3%
Centre - Val de Loire 16,866 Saran
3%
Provence - Alpes - Côte d'Azur 12,018 Septèmes-les-Vallons
3%
Maine-et-Loire 25,764 Sèvremoine
3%
Provence - Alpes - Côte d'Azur 19,030 Sorgues
3%
Île-de-France 27,065 Taverny
3%
Provence - Alpes - Côte d'Azur 10,933 Trets
3%
Île-de-France 31,233 Vigneux-sur-Seine
3%
Occitanie 11,502 Villefranche-de-Rouergue
3%
Nouvelle-Aquitaine 42,185 Villenave-d'Ornon
3%
Grand Est 14,938 Villers-lès-Nancy
3%
Grand Est 10,086 Villerupt
3%
Auvergne - Rhône - Alpes 12,670 Yzeure
3%
Pays de la Loire 10,740 Allonnes
2%
Centre - Val de Loire 13,432 Amilly
2%
Île-de-France 13,663 Andrésy
2%
Auvergne - Rhône - Alpes 10,312 Andrézieux-Bouthéon
2%
Hauts-de-France 10,887 Annœullin
2%
Hauts-de-France 13,417 Anzin
2%
French Guiana 10,059 Apatou
2%
Île-de-France 11,503 Arpajon
2%
Île-de-France 12,540 Aubergenville
2%
Hauts-de-France 10,124 Auchel
2%
Île-de-France 13,526 Avon
2%
Maine-et-Loire 15,225 Avrillé
2%
Maine-et-Loire 23,887 Beaupréau-en-Mauges
2%
Provence - Alpes - Côte d'Azur 13,941 Berre-l'Étang
2%
Grand Est 12,211 Bischwiller
2%
Pays de la Loire 10,352 Blain
2%
Normandie 14,497 Bois-Guillaume
2%
Île-de-France 17,335 Boissy-Saint-Léger
2%
Normandie 11,618 Bolbec
2%
Provence - Alpes - Côte d'Azur 13,871 Bollène
2%
Pays de la Loire 20,590 Bouguenais
2%
Reunion 13,131 Bras-Panon
2%
Île-de-France 18,999 Brie-Comte-Robert
2%
Île-de-France 18,095 Bry-sur-Marne
2%
Hauts-de-France 12,172 Bully-les-Mines
2%
Provence - Alpes - Côte d'Azur 10,143 Cabriès
2%
Occitanie 13,005 Canet-en-Roussillon
2%
Normandie 14,420 Canteleu
2%
Île-de-France 19,951 Carrières-sous-Poissy
2%
Provence - Alpes - Côte d'Azur 13,729 Carros
2%
Normandie 10,414 Caudebec-lès-Elbeuf
2%
Hauts-de-France 14,032 Caudry
2%
Grand Est 11,737 Cernay
2%
Île-de-France 11,141 Cesson
2%
Bretagne 18,076 Cesson-Sévigné
2%
Nouvelle-Aquitaine 16,757 Cestas
2%
Centre - Val de Loire 11,877 Chambray-lès-Tours
2%
Bretagne 10,378 Chantepie
2%
Pays de la Loire 16,539 Château-Gontier-sur-Mayenne
2%
Provence - Alpes - Côte d'Azur 16,668 Châteaurenard
2%
Hauts-de-France 11,456 Chauny
2%
Maine-et-Loire 21,550 Chemillé-en-Anjou
2%
Île-de-France 18,295 Chennevières-sur-Marne
2%
Bourgogne - Franche-Comté 14,299 Chenôve
2%
Île-de-France 19,813 Chevilly-Larue
2%
Île-de-France 12,381 Claye-Souilly
2%
Provence - Alpes - Côte d'Azur 12,076 Cogolin
2%
Hauts-de-France 12,649 Comines
2%
Auvergne - Rhône - Alpes 11,196 Corbas
2%
Hauts-de-France 20,833 Coudekerque-Branche
2%
Pays de la Loire 23,541 Couëron
2%
Hauts-de-France 10,160 Courrières
2%
Grand Est 12,389 Creutzwald
2%
Occitanie 20,239 Cugnaux
2%
Auvergne - Rhône - Alpes 13,329 Cusset
2%
Île-de-France 23,252 Dammarie-les-Lys
2%
Île-de-France 22,903 Deuil-la-Barre
2%
Normandie 10,690 Déville-lès-Rouen
2%
Île-de-France 16,075 Domont
2%
Île-de-France 11,783 Épinay-sous-Sénart
2%
Grand Est 11,076 Erstein
2%
Auvergne - Rhône - Alpes 10,095 Eybens
2%
Nouvelle-Aquitaine 24,436 Eysines
2%
Hauts-de-France 18,310 Faches-Thumesnil
2%
Auvergne - Rhône - Alpes 11,530 Ferney-Voltaire
2%
Nouvelle-Aquitaine 17,939 Floirac
2%
Grand Est 11,891 Florange
2%
Bretagne 10,204 Fouesnant
2%
Hauts-de-France 11,528 Fourmies
2%
Grand Est 13,069 Freyming-Merlebach
2%
Auvergne - Rhône - Alpes 10,268 Gerzat
2%
Nouvelle-Aquitaine 26,186 Gradignan
2%
Occitanie 13,275 Graulhet
2%
Grand Est 11,090 Guebwiller
2%
Bretagne 12,236 Guidel
2%
Auvergne - Rhône - Alpes 11,277 Guilherand-Granges
2%
Bretagne 15,401 Guipavas
2%
Nouvelle-Aquitaine 22,643 Gujan-Mestras
2%
Hauts-de-France 20,684 Halluin
2%
Hauts-de-France 12,264 Harnes
2%
Hauts-de-France 14,922 Haubourdin
2%
Bourgogne - Franche-Comté 10,525 Héricourt
2%
Grand Est 11,413 Hoenheim
2%
Grand Est 15,115 Illzach
2%
Île-de-France 17,411 Jouy-le-Moutier
2%
Grand Est 13,265 Kingersheim
2%
Pays de la Loire 16,613 La Baule-Escoublac
2%
Grand Est 12,603 La Chapelle-Saint-Luc
2%
Centre-Val de Loire 10,492 La Chapelle-Saint-Mesmin
2%
Pays de la Loire 20,483 La Chapelle-sur-Erdre
2%
Provence - Alpes - Côte d'Azur 19,416 La Crau
2%
Île-de-France 21,433 Lagny-sur-Marne
2%
Provence - Alpes - Côte d'Azur 11,010 La Londe-les-Maures
2%
Bretagne 16,911 Lamballe-Armor
2%
Auvergne - Rhône - Alpes 12,167 La Motte-Servolex
2%
Provence - Alpes - Côte d'Azur 23,660 La Valette-du-Var
2%
Occitanie 10,884 Lavaur
2%
Provence - Alpes - Côte d'Azur 10,098 Le Beausset
2%
Nouvelle-Aquitaine 24,262 Le Bouscat
2%
Île-de-France 19,527 Le Mée-sur-Seine
2%
Île-de-France 15,858 Le Pecq
2%
Île-de-France 21,096 Le Plessis-Trévise
2%
Auvergne - Rhône - Alpes 10,846 Le Pont-de-Claix
2%
Provence - Alpes - Côte d'Azur 10,582 Le Pradet
2%
Bretagne 11,837 Le Relecq-Kerhuon
2%
Reunion 11,445 Les Avirons
2%
Maine-et-Loire 12,863 Les Ponts-de-Cé
2%
Occitanie 10,855 Lézignan-Corbières
2%
Île-de-France 17,584 Limay
2%
Île-de-France 12,302 L'Isle-Adam
2%
Île-de-France 14,678 Lognes
2%
Nouvelle-Aquitaine 24,654 Lormont
2%
Île-de-France 12,226 Louvres
2%
Centre - Val de Loire 15,658 Lucé
2%
Hauts-de-France 13,987 Lys-lez-Lannoy
2%
French Guiana 18,807 Macouria
2%
French Guiana 11,364 Mana
2%
Île-de-France 16,619 Marly-le-Roi
2%
Île-de-France 19,960 Maurepas
2%
Île-de-France 10,015 Méry-sur-Oise
2%
Île-de-France 18,498 Moissy-Cramayel
2%
Normandie 10,286 Mondeville
2%
Hauts-de-France 13,944 Montataire
2%
Île-de-France 14,606 Montesson
2%
Normandie 15,671 Montivilliers
2%
Île-de-France 14,632 Montmagny
2%
Île-de-France 21,161 Morsang-sur-Orge
2%
Hauts-de-France 10,125 Neuville-en-Ferrain
2%
Normandie 12,287 Oissel
2%
Maine-et-Loire 16,975 Orée d'Anjou
2%
Île-de-France 10,589 Ormesson-sur-Marne
2%
Île-de-France 17,471 Osny
2%
Grand Est 13,492 Ostwald
2%
Île-de-France 20,969 Ozoir-la-Ferrière
2%
Nouvelle-Aquitaine 11,207 Panazol
2%
Provence - Alpes - Côte d'Azur 10,799 Pélissanne
2%
Provence - Alpes - Côte d'Azur 10,433 Pernes-les-Fontaines
2%
Île-de-France 14,348 Persan
2%
Reunion 12,920 Petite-Île
2%
Occitanie 11,174 Pia
2%
Île-de-France 33,670 Pierrefitte-sur-Seine
2%
Occitanie 20,471 Plaisance-du-Touch
2%
Bretagne 14,527 Plérin
2%
Bretagne 11,347 Ploufragan
2%
Bretagne 13,431 Plougastel-Daoulas
2%
Auvergne - Rhône - Alpes 12,422 Pont-du-Château
2%
Pays de la Loire 12,530 Pornichet
2%
Provence - Alpes - Côte d'Azur 16,138 Port-de-Bouc
2%
Auvergne - Rhône - Alpes 10,369 Portes-lès-Valence
2%
French Guiana 27,037 Remire-Montjoly
2%
Auvergne - Rhône - Alpes 11,034 Riorges
2%
Grand Est 14,125 Rixheim
2%
Grand Est 14,751 Romilly-sur-Seine
2%
Hauts-de-France 19,436 Ronchin
2%
Provence - Alpes - Côte d'Azur 15,006 Roquebrune-sur-Argens
2%
Grand Est 12,695 Saint-André-les-Vergers
2%
Bretagne 12,173 Saint-Avé
2%
Centre - Val de Loire 15,075 Saint-Avertin
2%
Île-de-France 15,209 Saint-Brice-sous-Forêt
2%
Occitanie 11,995 Saint-Cyprien
2%
Centre - Val de Loire 16,766 Saint-Cyr-sur-Loire
2%
Auvergne - Rhône - Alpes 21,893 Sainte-Foy-lès-Lyon
2%
Auvergne - Rhône - Alpes 17,930 Saint-Égrève
2%
Pays de la Loire 16,227 Sainte-Luce-sur-Loire
2%
Grand Est 10,457 Sainte-Savine
2%
Auvergne - Rhône - Alpes 14,584 Saint-Genis-Pouilly
2%
Centre - Val de Loire 22,088 Saint-Jean-de-Braye
2%
Centre - Val de Loire 16,608 Saint-Jean-de-la-Ruelle
2%
Auvergne - Rhône - Alpes 15,579 Saint-Just-Saint-Rambert
2%
Provence - Alpes - Côte d'Azur 13,962 Saint-Martin-de-Crau
2%
Provence - Alpes - Côte d'Azur 17,691 Saint-Maximin-la-Sainte-Baume
2%
Nouvelle-Aquitaine 32,749 Saint-Médard-en-Jalles
2%
Île-de-France 21,536 Saint-Michel-sur-Orge
2%
Nouvelle-Aquitaine 14,114 Saint-Paul-lès-Dax
2%
Centre - Val de Loire 15,698 Saint-Pierre-des-Corps
2%
Pays de la Loire 28,373 Saint-Sébastien-sur-Loire
2%
Auvergne - Rhône - Alpes 11,579 Sassenage
2%
Maine-et-Loire 17,617 Segré-en-Anjou Bleu
2%
Auvergne - Rhône - Alpes 11,784 Seyssinet-Pariset
2%
Hauts-de-France 15,916 Sin-le-Noble
2%
Provence - Alpes - Côte d'Azur 12,210 Solliès-Pont
2%
Hauts-de-France 11,902 Somain
2%
Nouvelle-Aquitaine 10,057 Soyaux
2%
Grand Est 11,048 Stiring-Wendel
2%
Bourgogne - Franche-Comté 11,986 Talant
2%
Hauts-de-France 13,261 Tergnier
2%
Île-de-France 10,405 Thorigny-sur-Marne
2%
Grand Est 10,662 Tinqueux
2%
Maine-et-Loire 15,620 Trélazé
2%
Nouvelle-Aquitaine 10,594 Urrugne
2%
Île-de-France 13,791 Vaires-sur-Marne
2%
Provence - Alpes - Côte d'Azur 12,389 Valbonne
2%
Normandie 12,939 Val-de-Reuil
2%
Île-de-France 14,453 Valenton
2%
Auvergne - Rhône - Alpes 16,162 Valserhône
2%
Île-de-France 16,079 Vauréal
2%
Île-de-France 11,378 Vaux-le-Pénil
2%
Centre - Val de Loire 12,491 Vernouillet
2%
Provence - Alpes - Côte d'Azur 12,712 Vidauban
2%
Île-de-France 11,650 Villecresnes
2%
Île-de-France 10,871 Ville-d'Avray
2%
Auvergne - Rhône - Alpes 19,018 Villefontaine
2%
Île-de-France 20,871 Villeneuve-le-Roi
2%
Hauts-de-France 10,376 Villers-Cotterêts
2%
Île-de-France 12,432 Villetaneuse
2%
Île-de-France 32,547 Villiers-sur-Marne
2%
Hauts-de-France 10,984 Wambrechies
2%
Hauts-de-France 15,756 Wattignies
2%
Grand Est 15,491 Wittenheim
2%
Pays de la Loire 10,218 Aizenay
1%
Nouvelle-Aquitaine 17,298 Ambarès-et-Lagrave
1%
Nouvelle-Aquitaine 12,614 Andernos-les-Bains
1%
Hauts-de-France 10,001 Aniche
1%
Bourgogne - Franche-Comté 14,009 Audincourt
1%
Occitanie 10,291 Auterive
1%
Normandie 12,227 Barentin
1%
Bretagne 12,775 Betton
1%
Nouvelle-Aquitaine 11,303 Biganos
1%
Grand Est 18,289 Bischheim
1%
Nouvelle-Aquitaine 16,786 Blanquefort
1%
Île-de-France 16,225 Bois-d'Arcy
1%
Hauts-de-France 11,584 Bruay-sur-l'Escaut
1%
Nouvelle-Aquitaine 10,253 Buxerolles
1%
Normandie 10,220 Carentan-les-Marais
1%
Île-de-France 15,002 Carrières-sur-Seine
1%
Occitanie 15,264 Castanet-Tolosan
1%
Centre - Val de Loire 12,958 Châlette-sur-Loing
1%
Île-de-France 10,793 Chanteloup-les-Vignes
1%
Auvergne - Rhône - Alpes 10,459 Charvieu-Chavagneux
1%
Bourgogne - Franche-Comté 10,895 Chevigny-Saint-Sauveur
1%
Île-de-France 27,086 Cormeilles-en-Parisis
1%
Nouvelle-Aquitaine 10,011 Couzeix
1%
Île-de-France 10,580 Croissy-sur-Seine
1%
Île-de-France 11,508 Dammartin-en-Goële
1%
Auvergne - Rhône - Alpes 10,300 Divonne-les-Bains
1%
Hauts-de-France 10,112 Douchy-les-Mines
1%
Maine-et-Loire 11,227 Doué-en-Anjou
1%
Île-de-France 10,626 Épinay-sur-Orge
1%
Centre - Val de Loire 10,917 Fondettes
1%
Occitanie 13,048 Fonsorbes
1%
Provence - Alpes - Côte d'Azur 10,235 Fuveau
1%
Île-de-France 18,883 Gentilly
1%
Provence - Alpes - Côte d'Azur 10,030 Gignac-la-Nerthe
1%
Île-de-France 20,440 La Celle-Saint-Cloud
1%
Centre-Val de Loire 10,349 La Riche
1%
Île-de-France 31,064 Le Chesnay-Rocquencourt
1%
Nouvelle-Aquitaine 11,499 Le Haillan
1%
Provence - Alpes - Côte d'Azur 17,985 Le Pontet
1%
Île-de-France 16,940 Les Clayes-sous-Bois
1%
Île-de-France 14,096 Lieusaint
1%
Île-de-France 27,806 Limeil-Brévannes
1%
Centre - Val de Loire 10,950 Mainvilliers
1%
Normandie 11,005 Maromme
1%
Maine-et-Loire 18,514 Mauges-sur-Loire
1%
Occitanie 12,711 Mèze
1%
Pays de la Loire 20,754 Montaigu-Vendée
1%
Provence - Alpes - Côte d'Azur 13,159 Monteux
1%
Île-de-France 14,847 Montévrain
1%
Île-de-France 22,390 Montigny-lès-Cormeilles
1%
Île-de-France 13,773 Morangis
1%
Provence - Alpes - Côte d'Azur 10,847 Mouans-Sartoux
1%
Hauts-de-France 13,239 Mouvaux
1%
Hauts-de-France 10,260 Oignies
1%
Occitanie 12,062 Onet-le-Château
1%
Mayotte 11,442 Pamandzi
1%
Grand Est 10,275 Pfastatt
1%
Pays de la Loire 11,249 Pontchâteau
1%
Normandie 10,392 Port-Jérôme-sur-Seine
1%
Hauts-de-France 12,140 Raismes
1%
Grand Est 12,154 Riedisheim
1%
Nouvelle-Aquitaine 12,786 Saint-André-de-Cubzac
1%
Hauts-de-France 12,909 Saint-André-lez-Lille
1%
Pays de la Loire 14,645 Saint-Brevin-les-Pins
1%
Occitanie 11,673 Saint-Estève
1%
Île-de-France 15,117 Saint-Fargeau-Ponthierry
1%
Occitanie 10,530 Saint-Gély-du-Fesc
1%
Pays de la Loire 12,923 Saint-Hilaire-de-Riez
1%
Bretagne 13,593 Saint-Jacques-de-la-Lande
1%
Occitanie 13,300 Saint-Jean-de-Védas
1%
Île-de-France 16,047 Saint-Leu-la-Forêt
1%
Hauts-de-France 11,036 Saint-Martin-Boulogne
1%
Occitanie 14,229 Saint-Orens-de-Gameville
1%
Île-de-France 12,071 Saint-Pierre-du-Perray
1%
Île-de-France 18,068 Soisy-sous-Montmorency
1%
Nouvelle-Aquitaine 12,900 Tarnos
1%
Île-de-France 12,386 Triel-sur-Seine
1%
Bourgogne - Franche-Comté 10,624 Valentigney
1%
Provence - Alpes - Côte d'Azur 11,799 Vedène
1%
Île-de-France 16,112 Verneuil-sur-Seine
1%
Auvergne - Rhône - Alpes 10,412 Vétraz-Monthoux
1%
Occitanie 10,406 Villeneuve-lès-Maguelone
1%
Île-de-France 11,568 Villepreux
1%
Île-de-France 10,740 Voisins-le-Bretonneux
1%
Grand Est 10,364 Wittelsheim
1%
Pays de la Loire 11,346 Ancenis-Saint-Géréon
0%
Maine-et-Loire 11,747 Baugé-en-Anjou
0%
Nouvelle-Aquitaine 14,037 Billère
0%
Île-de-France 10,833 Bondoufle
0%
Nouvelle-Aquitaine 10,628 Boulazac Isle Manoire
0%
Maine-et-Loire 11,000 Brissac Loire Aubance
0%
Occitanie 10,414 Cabestany
0%
Occitanie 11,033 Castelginest
0%
Bretagne 10,688 Châteaugiron
0%
Île-de-France 13,640 Fontenay-le-Fleury
0%
Île-de-France 10,249 Fosses
0%
Hauts-de-France 14,197 Hautmont
0%
Île-de-France 10,571 Igny
0%
Hauts-de-France 10,273 Jeumont
0%
Occitanie 13,776 Juvignac
0%
Mayotte 17,060 Kawéni
0%
Mayotte 17,739 Labattoir
0%
Île-de-France 10,004 La Ferté-sous-Jouarre
0%
Nouvelle-Aquitaine 10,723 Léognan
0%
Nouvelle-Aquitaine 10,966 Le Taillan-Médoc
0%
Maine-et-Loire 16,588 Loire-Authion
0%
Hauts-de-France 10,559 Longuenesse
0%
Mayotte 11,698 Majicavo-Koropa
0%
Hauts-de-France 11,651 Méricourt
0%
Nouvelle-Aquitaine 11,756 Mios
0%
Centre - Val de Loire 11,261 Montlouis-sur-Loire
0%
Maine-et-Loire 15,684 Montrevault-sur-Èvre
0%
Île-de-France 12,576 Moret-Loing-et-Orvanne
0%
Mayotte 15,880 Mtsapéré
0%
Nouvelle-Aquitaine 10,407 Parempuyre
0%
Bretagne 13,437 Plouzané
0%
Île-de-France 11,577 Saint-Germain-lès-Arpajon
0%
Nouvelle-Aquitaine 10,057 Saint-Loubès
0%
Hauts-de-France 11,121 Saint-Saulve
0%
Occitanie 10,167 Seysses
0%
Pays de la Loire 10,956 Thouaré-sur-Loire
0%
Pays de la Loire 10,414 Treillières
0%
Occitanie 11,772 Vauvert
0%
Île-de-France 14,772 Verrières-le-Buisson
0%
Hauts-de-France 10,455 Vieux-Condé
0%
Île-de-France 10,353 Villebon-sur-Yvette
0%
Occitanie 10,704 Villeneuve-Tolosane
0%
No matching quizzes found
Score Distribution
Percent of People with Each Score
Percentile by Number Answered
Your Score History
You have not taken this quiz